Normal view
MARC view
- jain.m.k
Entry Personal Name
001 - CONTROL NUMBER
- control field: 4713
003 - CONTROL NUMBER IDENTIFIER
- control field: JO-AjAnu
005 - DATE AND TIME OF LATEST TRANSACTION
- control field: 20230606071052.0
008 - FIXED-LENGTH DATA ELEMENTS
- fixed length control field: 230606|| aca||aabn | a|a d
040 ## - CATALOGING SOURCE
- Original cataloging agency: JO-AjAnu
- Transcribing agency: JO-AjAnu
100 ## - HEADING--PERSONAL NAME
- Personal name: jain.m.k
670 ## - SOURCE DATA FOUND
- Source citation: Work cat.: (JO-AjAnu)2440: jain.m.k, author, Numerical Solution of Differential Equations